00343nam a2200145Ia 45000030006000000080041000060400015000471000018000622450013000802500006000932600061000993000006001605460014001660050017001800STCL150530s9999 xx 000 0 und d aSTCLcSTCL aHumayum Kabir aMarzeena a1 bSahitya Pravarthaka Co Operative Society ; Kottayac1961 a0 aMalayalam20220125171646.0